000 00882nam a2200241 a 4500
001 BRCA_8262
005 20190320210212.0
008 050614s1959----gw-a###f##---#001-0#ger-#
041 _ager
044 _agw
050 4 _aN50
_b.I5 1959
245 1 0 _aInternationales kunst-adressbuch 1958/59
_bvereignit mit deutsches kunst-adressbuch
_cfounded by Walker Kaupert ; editor Helmut Rauschenbusch.
260 _aAlemania
_bKaupert, Zentraldruckerei AG
_c1959
300 _a991 p.
_bil.
_c25 cm.
500 _aS17
546 _aTexto en: alemán, inglés, francés y español
650 1 4 _aObras de arte
_vDirectorios
_y1958-1959
_920630
700 1 _aKaupert, Walker
_920631
700 1 _aRauschenbusch, Helmut
_eed.
_920632
740 0 _aInternational Directory of Arts = Annuaire international des Beaux-arts = Anuario internacional de las artes
902 _aGFM
942 _2lcc
_cB
999 _c7930
_d7930